| 000 | 00436 a2200157 4500 | ||
|---|---|---|---|
| 003 | OSt | ||
| 005 | 20240116134630.0 | ||
| 008 | 240116b |||||||| |||| 00| 0 eng d | ||
| 040 | _coclc | ||
| 082 |
_a297 _bPAL/B |
||
| 100 |
_aPalakkazhi, Usman _910256 |
||
| 245 |
_aBhahayisathinte adiverukal / _cUsman Palakkazhi |
||
| 260 |
_aKerala: _bKNM, _c2006 |
||
| 300 | _a56p | ||
| 942 |
_2ddc _cBK _h297 _iPAL/B _k297 _mPAL/B |
||
| 999 |
_c43201 _d43201 |
||